000 00880nam a2200301 i 4500
003 EG-GICUC
005 20260513112641.0
008 260412s1996 fr |||fr|||| 00| 0 fre d
020 _a2247024140
040 _aEG-GiCUC
_bfre
_cEG-GiCUC
_dEG-GiCUC
_eRda
082 0 4 _221
_a343
_bJE . D
092 0 4 _221
099 _aLaw1 10 343 JE . D 1996
100 1 _aJeandidier, Wilfrid
_eAuteur
245 1 0 _aDroit Pénal Des Affaires /
_cWilfrid Jeandidier.
250 _a2º Édition
264 1 _aParis :
_bDalloz,
_c1996.
300 _a504 page ;
_c 24 cm.
336 _2rda contenu
_a texte
337 _2rda medias
_aOrdinateur
338 _2 transporteur rda
_a Ressource en ligne
500 _aIndex
650 1 _aDroit De Pénal
_2qrmak
651 1 _2qrmak
856 4 0 _uhttps://fll.law.cu.edu.eg/fulltext/bks/B10-09007.pdf
905 _a54
942 _2ddc
_cBK
_e21
_n0
999 _c70409
_d70409